Jedlé houby a jejich jedovatí dvojníci : jak je správně rozeznat a sbírat /

Hlavní autor: Laux, Hans Ernst, 1934-
Jazyk: Čeština
Vydáno: [Líbeznice] : Víkend, 2006
Témata:
Externí odkaz: Digitalizovaný dokument
Fyzický popis: 190 s. : barev. il. ; 19 cm
Knihy
Uloženo v:
LEADER 01765cam a2200481 a 4500
001 nkc20061689261
003 CZ PrNK
005 20070209134309.0
007 ta
008 060808s2006 xr a e 001 0 cze d
015 |a cnb001689261 
020 |a 80-86891-38-0  |q (váz.) 
035 |a (OCoLC)85720044 
040 |a KLG001  |b cze  |d BOA001  |d OLA001  |d ABA001 
041 1 |a cze  |h ger 
043 |a ec----- 
072 7 |a 58  |x Botanika  |2 Konspekt  |9 2 
080 |a 635.8  |2 MRF 
080 |a 582.282/.284:615.918  |2 MRF 
080 |a 581.9  |2 MRF 
080 |a (4-191.2)  |2 MRF 
080 |a (084.42)  |2 MRF 
100 1 |a Laux, Hans Ernst,  |d 1934-  |7 xx0002232  |4 aut 
245 1 0 |a Jedlé houby a jejich jedovatí dvojníci :  |b jak je správně rozeznat a sbírat /  |c Hans E. Laux ; [z německého originálu ... přeložil Daniel Dvořák] 
260 |a [Líbeznice] :  |b Víkend,  |c 2006 
300 |a 190 s. :  |b barev. il. ;  |c 19 cm 
500 |a Terminologický slovník 
504 |a Obsahuje bibliografii a rejstřík 
650 0 7 |a jedlé houby  |7 ph114821  |2 czenas 
650 0 7 |a jedovaté houby  |7 ph114826  |2 czenas 
650 0 7 |a flóra  |7 ph114559  |z Evropa střední  |2 czenas 
650 0 9 |a edible mushrooms  |2 eczenas 
650 0 9 |a poisonous mushrooms  |2 eczenas 
650 0 9 |a plants  |z Europe central  |2 eczenas 
655 7 |a atlasy  |7 fd131835  |2 czenas 
655 9 |a atlases  |2 eczenas 
765 0 |t Essbare Pilze und ihre giftigen Doppelgänger  |9 Česky 
856 4 1 |u http://www.digitalniknihovna.cz/mzk/uuid/uuid:cb3b0d80-acc1-11e7-a000-005056827e51  |y Digitalizovaný dokument  |x NDK 
910 2 |a BOA001  |b 1-1172.392 
990 |a BK 
995 |a 01 
991 |b 200611  |c NOV 
996 6 |b 2610293151  |c 1-1172.392  |l MZK  |r Sklad / do 1 hodiny  |n 1  |p p.v.  |w 000831568  |u 000010  |a 1  |e BOA001  |j MZK50  |s P